000 00971nam a22002537a 4500
005 20250819120338.0
008 250311b |||||||| |||| 00| 0 eng d
020 _a9781799672579
040 _aTritech Digital Media
_beng
_cTritech Digital Media
_erda
100 1 _aYoung, Adrian
245 1 0 _aCritical nursing process, treatment and patient care /
_cAdrian Young
264 1 _aCalifornia :
_bTritech Digital Media,
_c2024
300 _a1 online resource (various pagings)
336 _2rdcontent
_atext
_btxt
337 _2rdamedia
_acomputer
338 _2rdacarrier
_aonline resoouirce
500 _aEbook available online
504 _aIncludes bibliographical references
650 0 _aNursing
_xProcess, Critical care nursing, Nursing
_xPatient care planning
710 _aTritech Digital Media
710 2 _aTritech Digital Media
856 _uhttps://tdmebooks.com/book-detail.php?book_id=NjE2OA==
_zFull text available online.
942 _2lcc
_cE-BOOK
999 _c84159
_d84157